Strength of materials (Record no. 4143)

000 -LEADER
fixed length control field 00602nam a2200229 4500
001 - CONTROL NUMBER
control field 4143
003 - CONTROL NUMBER IDENTIFIER
control field BD-DhUET
008 - FIXED-LENGTH DATA ELEMENTS--GENERAL INFORMATION
fixed length control field 0
020 ## - INTERNATIONAL STANDARD BOOK NUMBER
International Standard Book Number 0070702977
040 ## - CATALOGING SOURCE
Transcribing agency 0
Modifying agency BD-DhUET
082 ## - DEWEY DECIMAL CLASSIFICATION NUMBER
Classification number 620.112
Item number WIL/1981
100 ## - MAIN ENTRY--PERSONAL NAME
Personal name Willems, Nicholas
245 ## - TITLE STATEMENT
Title Strength of materials
Statement of responsibility, etc. by Nicholas Willems, John T. Easley and Stanley T. Rolfe
250 ## - EDITION STATEMENT
Edition statement 1st ed.
260 ## - PUBLICATION, DISTRIBUTION, ETC. (IMPRINT)
Place of publication, distribution, etc. New York
Name of publisher, distributor, etc. McGraw-Hill
Date of publication, distribution, etc. 1981
300 ## - PHYSICAL DESCRIPTION
Extent xviii, 508 p.
Other physical details ill.
Dimensions 12 cm.
504 ## - BIBLIOGRAPHY, ETC. NOTE
Bibliography, etc Includes bibliographies
650 #0 - SUBJECT ADDED ENTRY--TOPICAL TERM
Topical term or geographic name as entry element Strength of materials
700 ## - ADDED ENTRY--PERSONAL NAME
Personal name Easley, John T.
700 ## - ADDED ENTRY--PERSONAL NAME
Personal name Rolfe, Stanley T.
942 ## - ADDED ENTRY ELEMENTS (KOHA)
Koha item type General Book
Holdings
Koha out on loan Piece designation (barcode) Sublocation or collection (holding branch) Not for loan Lost status Damaged status Copy number Koha date last borrowed Withdrawn status Koha date last seen Location (home branch) Koha item type Shelving location Source of classification or shelving scheme Koha full call number Date acquired Koha normalized classification for sorting Price effective from Koha issues (times borrowed)
 79849Central Library, BUET   12018-11-06 2018-12-18Central Library, BUETGeneral BookCirculation section 620.112/WIL/19812014-11-12620_112000000000000_WIL_19812014-11-121
 79850Central Library, BUET   22018-12-22 2019-04-24Central Library, BUETGeneral BookCirculation section 620.112/WIL/19812014-11-12620_112000000000000_WIL_19812014-11-121
 79853Central Library, BUET   3  2014-11-12Central Library, BUETGeneral BookCirculation section 620.112/WIL/19812014-11-12620_000000000000000_112WIL19812014-11-12 
 81408Central Library, BUET   4  2014-11-12Central Library, BUETGeneral BookCirculation section 620.112/WIL/19812014-11-12620_000000000000000_112WIL19812014-11-12 
 79852Central Library, BUET   52021-11-29 2021-12-07Central Library, BUETGeneral BookCirculation section 620.112/WIL/19812014-11-12620_000000000000000_112WIL19812014-11-122
2025-12-2279580Central Library, BUET   62025-12-08 2025-12-08Central Library, BUETGeneral BookCirculation section 620.112/WIL/19812014-11-12620_000000000000000_112WIL19812014-11-121
 81410Central Library, BUET   7  2014-11-12Central Library, BUETGeneral BookCirculation section 620.112/WIL/19812014-11-12620_000000000000000_112WIL19812014-11-12 
 79851Central Library, BUET   82023-07-08 2023-07-18Central Library, BUETGeneral BookCirculation section 620.112/WIL/19812014-11-12620_000000000000000_112WIL19812014-11-121
 81409Central Library, BUET   9  2014-11-12Central Library, BUETGeneral BookCirculation section 620.112/WIL/19812014-11-12620_112000000000000_WIL_19812014-11-12 
 79581 Central Library, BUET   10  2015-02-04Central Library, BUETGeneral BookCirculation section 620.112/WIL/19812015-02-04620_112000000000000_WIL_19812015-02-04